Statistiques concernant Footballeur par pays n°11

Cliquez ici pour prendre le quiz!

Statistiques générales

  • Ce quiz a été pris 159 fois
  • Le résultat moyen est 13 sur 18

Statistiques - réponses

joueurPays% Correct
Antoine GriezmannFrance
99%
RonaldoBresil
98%
RonaldinhoBresil
97%
Sergio RamosEspagne
96%
IscoEspagne
96%
David BeckhamRoyaume-Uni
96%
Didier DrogbaCôte-d'Ivoire
95%
Jürgen KlinsmannAllemagne
89%
Jakub BłaszczykowskiPologne
85%
Aleksandar MitrovićSerbie
84%
George WeahLiberia
78%
Abedi PeleGhana
67%
Andrés GuardadoMexique
65%
Blerim DzemailiSuisse
41%
Mario KempesArgentine
40%
Flórián AlbertHongrie
25%
Mikael ForsellFinlande
15%
Patrik BergerRépublique Tchèque
10%

Distribution des résultats

Percentile par nombre de réponses

% des personnes avec chaque résultat

Votre développement - résultats

Vous n’avez pas pris ce quiz